|
|
|
|
| LEADER |
00000nab a2200000 a 4500 |
| 001 |
vtls000678245 |
| 003 |
SK-MaSNL |
| 005 |
20260302190023.0 |
| 008 |
160314c1998 xo 0 slo |
| 015 |
|
|
|a SNBRB1998/11-24769
|
| 035 |
|
|
|a CLN000030414
|
| 040 |
|
|
|a SNKBUCL
|b slo
|c SNKBUCL
|e AACR2
|
| 041 |
0 |
|
|a slo
|
| 044 |
|
|
|a xo
|c SK
|
| 080 |
|
|
|a 82.09:840-3(048)
|2 UDC-MRF-SK2
|
| 080 |
|
|
|a 840-3(048)
|2 UDC-MRF-SK2
|
| 100 |
1 |
|
|a Součková, Marta,
|d 1963-
|4 aut
|9 13337
|
| 245 |
1 |
0 |
|a Nadja
|c Marta Součková
|
| 300 |
|
|
|b Obr.
|
| 650 |
0 |
7 |
|a prózy surrealistické francúzske
|x recenzie
|2 snkbucl
|9 898149
|
| 773 |
0 |
|
|x 1210-1982
|t Knižná revue
|g Roč. 8, č. 19 (1998), s. 1
|
| 787 |
0 |
8 |
|i Rec.:
|a Breton, André, 1896-1966
|t Nadja
|d Bratislava : Slovenský spisovateľ, 1998
|z 8022008346
|w SK01SNK19980288191
|
| 850 |
|
|
|a Slovenská národná knižnica v Martine
|
| 852 |
|
|
|a SNK
|b KIS3GCP
|
| 958 |
|
|
|a LX
|
| 958 |
|
|
|a FR
|
| 958 |
|
|
|a RBX
|
| 999 |
|
|
|c 1431821
|d 1433751
|